[Event "GRENKE Chess Open 2024"]
[Site "Karlsruhe"]
[Date "2024.03.30"]
[Round "4.30"]
[White "Koellner, Ruben Gideon"]
[Black "Hecht, Carsten"]
[Result "1-0"]
[WhiteElo "2453"]
[BlackElo "2295"]
[Annotator "TA"]
[PlyCount "151"]
[EventDate "2024.03.28"]
[EventType "swiss"]
[EventCountry "GER"]
[SourceTitle "playchess.com"]
[Source "ChessBase"]
[SourceQuality "1"]

1. d4 Nf6 2. Nf3 d5 3. Bf4 c5 4. e3 Nc6 5. Nbd2 Qb6 6. dxc5 Qxb2 7. Rb1 Qc3 8. Bb5 g6 9. e4 dxe4 10. Be5 Qxc5 11. Bxf6 exf6 12. Nxe4 Qe7 13. O-O Bd7 14. Bxc6 Bxc6 15. Re1 Bxe4 16. Qd4 f5 17. Qxh8 O-O-O 18. Qc3+ Qc7 19. Qxc7+ Kxc7 20. Ng5 Bd5 21. c4 h6 22. cxd5 hxg5 23. Rec1+ Kb8 24. Rd1 Bc5 25. Rb3 Kc7 26. Kf1 b6 27. h3 Rh8 28. d6+ Kd7 29. Rbd3 Re8 30. Re1 Rxe1+ 31. Kxe1 g4 32. hxg4 fxg4 33. Ke2 Bxd6 34. Rd4 f5 35. Rd1 Ke6 36. Rh1 Bc5 37. Rh7 a5 38. Rg7 Kf6 39. Ra7 Ke6 40. Ra8 Kf6 41. a4 Ke6 42. Rd8 Ke5 43. Rg8 Kf6 44. Re8 Kf7 45. Rd8 Ke6 46. Rd2 Ke5 47. Kd3 Kf4 48. Rc2 Ke5 49. Kc4 Ke4 50. Re2+ Kf4 51. Kd5 g3 52. f3 Be3 53. Rc2 Bc5 54. Rc3 g5 55. Ke6 g4 56. fxg4 Kxg4 57. Ke5 f4 58. Ke4 Be3 59. Rc8 Kg5 60. Rf8 Kg6 61. Rf5 Kg7 62. Ke5 Kg6 63. Rf6+ Kg7 64. Kf5 Bd4 65. Re6 Be3 66. Re7+ Kf8 67. Ke6 Kg8 68. Rf7 Bd2 69. Kf6 Bc3+ 70. Kg6 Be5 71. Rf5 Bd6 72. Rf6 Be5 73. Re6 Bg7 74. Rxb6 f3 75. gxf3 g2 76. Rb1 1-0

[Event "GRENKE Chess Open 2024"]
[Site "Karlsruhe"]
[Date "2024.03.30"]
[Round "4.31"]
[White "Hampel, Felix"]
[Black "Haring, Filip"]
[Result "1/2-1/2"]
[WhiteElo "2294"]
[BlackElo "2452"]
[Annotator "TA"]
[PlyCount "62"]
[EventDate "2024.03.28"]
[EventType "swiss"]
[EventCountry "GER"]
[SourceTitle "playchess.com"]
[Source "ChessBase"]
[SourceQuality "1"]

1. Nf3 d5 2. e3 c5 3. b3 Nc6 4. Bb2 e6 5. d4 cxd4 6. exd4 Bd6 7. a3 Nf6 8. Bd3 b6 9. O-O O-O 10. Nbd2 Bb7 11. Ne5 Rc8 12. Re1 Ne7 13. Qf3 Qc7 14. Rac1 Ng6 15. Qe3 Qe7 16. Ra1 Rc7 17. Nxg6 hxg6 18. Qg5 Ne4 19. Qxe7 Bxe7 20. Re2 Rfc8 21. Bxe4 dxe4 22. c4 b5 23. c5 Bd5 24. b4 f5 25. f3 exf3 26. Nxf3 g5 27. Ne5 Bf6 28. Bc3 Be4 29. a4 Bxe5 30. dxe5 a6 31. Rd2 Bd5 1/2-1/2

[Event "GRENKE Chess Open 2024"]
[Site "Karlsruhe"]
[Date "2024.03.30"]
[Round "4.32"]
[White "Weber, Samuel"]
[Black "Seo, Jung Min"]
[Result "0-1"]
[WhiteElo "2293"]
[BlackElo "2450"]
[Annotator "TA"]
[PlyCount "80"]
[EventDate "2024.03.28"]
[EventType "swiss"]
[EventCountry "GER"]
[SourceTitle "playchess.com"]
[Source "ChessBase"]
[SourceQuality "1"]

1. e4 c5 2. Nf3 d6 3. d4 cxd4 4. Nxd4 Nf6 5. Nc3 a6 6. Rg1 b5 7. g4 Bb7 8. g5 Nxe4 9. Nxe4 Bxe4 10. a4 b4 11. Qe2 Bb7 12. b3 g6 13. Bb2 e5 14. O-O-O Bg7 15. h4 O-O 16. Nf3 Qc7 17. Bh3 Nd7 18. Bxd7 Qxd7 19. Nd2 Qf5 20. Rg4 d5 21. Rxb4 Bc6 22. f4 Rfc8 23. Bxe5 Bf8 24. Rb6 Bb5 25. c4 Ba3+ 26. Bb2 dxc4 27. Nxc4 Bxc4 28. bxc4 Qxf4+ 29. Kb1 Bxb2 30. Rxb2 Rxc4 31. Rf1 Qc7 32. Qf3 Rc8 33. a5 Rxh4 34. Qd5 Rc4 35. Rh1 Rc5 36. Qd2 Rb8 37. Rh3 Rcb5 38. Rxb5 Rxb5+ 39. Ka2 Qxa5+ 40. Qxa5 Rxa5+ 0-1

[Event "GRENKE Chess Open 2024"]
[Site "Karlsruhe"]
[Date "2024.03.30"]
[Round "4.33"]
[White "Arnold, Max"]
[Black "Nevednichy, Vladislav"]
[Result "0-1"]
[WhiteElo "2290"]
[BlackElo "2445"]
[Annotator "TA"]
[PlyCount "70"]
[EventDate "2024.03.28"]
[EventType "swiss"]
[EventCountry "GER"]
[SourceTitle "playchess.com"]
[Source "ChessBase"]
[SourceQuality "1"]

1. e4 d6 2. d4 Nf6 3. Nc3 e5 4. Nf3 Nbd7 5. Rg1 g6 6. g4 Bg7 7. Be3 O-O 8. g5 Nh5 9. Qd2 c6 10. O-O-O Qe7 11. Kb1 Re8 12. Be2 Nf8 13. Nh4 Nf4 14. Bxf4 exd4 15. Nb5 cxb5 16. Bxb5 Bd7 17. Bxd7 Qxd7 18. Rge1 Ne6 19. Nf3 Qc6 20. Bg3 Rac8 21. Rc1 Red8 22. Qd1 Qb6 23. e5 d5 24. Ka1 Bf8 25. h4 Rc4 26. Nd2 Rb4 27. b3 Rb5 28. Nb1 Rc8 29. f4 Ra5 30. Qe2 Bb4 31. Rf1 Rxa2+ 32. Kxa2 Qa5+ 33. Kb2 Bc3+ 34. Nxc3 dxc3+ 35. Kb1 Qa3 0-1

[Event "GRENKE Chess Open 2024"]
[Site "Karlsruhe"]
[Date "2024.03.30"]
[Round "4.34"]
[White "Kuberczyk, Christoph"]
[Black "Kilic, Eray"]
[Result "0-1"]
[WhiteElo "2290"]
[BlackElo "2439"]
[Annotator "RC"]
[PlyCount "54"]
[EventDate "2024.03.28"]
[EventType "swiss"]
[EventCountry "GER"]
[SourceTitle "playchess.com"]
[Source "ChessBase"]
[SourceQuality "1"]

1. d4 Nf6 2. c4 e6 3. Nc3 d5 4. Nf3 Bb4 5. cxd5 exd5 6. Bf4 O-O 7. Rc1 Ne4 8. Nd2 Nxc3 9. bxc3 Bd6 10. Bxd6 Qxd6 11. e3 c5 12. Bd3 c4 13. Bc2 f5 14. O-O Nd7 15. f3 Qh6 16. Qe1 Nf6 17. e4 fxe4 18. fxe4 Be6 19. Nf3 Ng4 20. Qe2 Rae8 21. e5 Ne3 22. Rfe1 Nxc2 23. Rxc2 Rf4 24. Rb2 b6 25. Nd2 Ref8 26. Rf1 Rxf1+ 27. Nxf1 Qc1 0-1

[Event "GRENKE Chess Open 2024"]
[Site "Karlsruhe"]
[Date "2024.03.30"]
[Round "4.35"]
[White "Le Goff, Ronan"]
[Black "Ben Ari, Yannay"]
[Result "0-1"]
[WhiteElo "2286"]
[BlackElo "2434"]
[Annotator "TA"]
[PlyCount "86"]
[EventDate "2024.03.28"]
[EventType "swiss"]
[EventCountry "GER"]
[SourceTitle "playchess.com"]
[Source "ChessBase"]
[SourceQuality "1"]

1. d4 Nf6 2. Nf3 e6 3. g3 b6 4. Bg2 Bb7 5. O-O Be7 6. c4 O-O 7. h4 d5 8. cxd5 Nxd5 9. Re1 c5 10. e4 Nc7 11. Nc3 Nba6 12. Bf4 cxd4 13. Nxd4 Nc5 14. Nb3 N7a6 15. Nxc5 Nxc5 16. Qg4 Nd3 17. Red1 Qd4 18. Be3 Qc4 19. Rxd3 Qxd3 20. Rd1 Qc2 21. Rd7 Bc5 22. Bxc5 bxc5 23. Rxb7 Rab8 24. Rxb8 Rxb8 25. Nd1 Qb1 26. Kh2 Qxa2 27. Qg5 Qb3 28. Qc1 h6 29. Bf1 Qb4 30. Qc4 Rd8 31. Qxb4 cxb4 32. Ne3 Rd2 33. Nc4 Rxf2+ 34. Kg1 Rc2 35. Bd3 b3 36. g4 a5 37. Kf1 a4 38. Ke1 Rxb2 39. Kd1 Ra2 40. Kc1 a3 41. Kb1 e5 42. g5 hxg5 43. hxg5 g6 0-1

[Event "GRENKE Chess Open 2024"]
[Site "Karlsruhe"]
[Date "2024.03.30"]
[Round "4.36"]
[White "Krstulovic, Alex"]
[Black "Vyval, Volodymyr"]
[Result "1/2-1/2"]
[WhiteElo "2431"]
[BlackElo "2279"]
[Annotator "TA"]
[PlyCount "78"]
[EventDate "2024.03.28"]
[EventType "swiss"]
[EventCountry "GER"]
[SourceTitle "playchess.com"]
[Source "ChessBase"]
[SourceQuality "1"]

1. d4 Nf6 2. Nf3 g6 3. c4 Bg7 4. Nc3 d5 5. cxd5 Nxd5 6. e4 Nxc3 7. bxc3 c5 8. Be3 Qa5 9. Bd2 O-O 10. Be2 Nc6 11. O-O Bg4 12. d5 Bxf3 13. gxf3 Ne5 14. f4 Nd7 15. c4 Bc3 16. Bxc3 Qxc3 17. Rb1 Rab8 18. Rb3 Qf6 19. Rf3 Qh4 20. e5 g5 21. fxg5 Nxe5 22. Rg3 Qf4 23. Qc1 Ng6 24. Qa3 Qc7 25. Bd3 a6 26. Re1 b5 27. Qxa6 bxc4 28. Bxg6 hxg6 29. Qxc4 Rb4 30. Qe2 Rd8 31. Qxe7 Qxe7 32. Rxe7 Rxd5 33. Rc7 Rf5 34. Rc8+ Kg7 35. a3 Rb2 36. h4 Rbxf2 37. Rxc5 Rf1+ 38. Kg2 R1f2+ 39. Kg1 Rf1+ 1/2-1/2

[Event "GRENKE Chess Open 2024"]
[Site "Karlsruhe"]
[Date "2024.03.30"]
[Round "4.37"]
[White "Wong, Gengchun"]
[Black "Kanov, Nikola"]
[Result "1/2-1/2"]
[WhiteElo "2283"]
[BlackElo "2424"]
[Annotator "RC"]
[PlyCount "193"]
[EventDate "2024.03.28"]
[EventType "swiss"]
[EventCountry "GER"]
[SourceTitle "playchess.com"]
[Source "ChessBase"]
[SourceQuality "1"]

1. e4 c5 2. Nf3 e6 3. d4 cxd4 4. Nxd4 Nc6 5. Nc3 Qc7 6. Ncb5 Qb8 7. Bd3 a6 8. Nxc6 bxc6 9. Nd4 Nf6 10. O-O c5 11. Nf3 c4 12. Bxc4 Nxe4 13. Qd4 Bb7 14. Re1 Nf6 15. Bg5 Be7 16. Ne5 Qc7 17. Bd3 h6 18. Qh4 Rg8 19. Bd2 d6 20. Qa4+ Kf8 21. Nc4 Bc6 22. Qa5 Qb7 23. Bf1 Bb5 24. Bb4 Bxc4 25. Bxc4 d5 26. Bxe7+ Qxe7 27. Bd3 g6 28. c4 dxc4 29. Bxc4 Kg7 30. Rad1 Rgc8 31. b3 Rc5 32. Qb6 e5 33. Qd6 Qxd6 34. Rxd6 a5 35. a4 e4 36. Kf1 Ra7 37. h3 Re7 38. Red1 e3 39. fxe3 Rxe3 40. Kg1 Re7 41. Rb6 Ne4 42. Rd5 Rcc7 43. Ra6 Nc3 44. Rd2 Rc5 45. Rc2 Nd5 46. Rd2 Ne3 47. Re2 Ree5 48. Rf2 f5 49. Bb5 h5 50. Rxa5 Kh6 51. Ra8 Rc1+ 52. Kh2 h4 53. Rd8 Kg5 54. Rd4 Rb1 55. b4 Nd5 56. Bd3 Rd1 57. g3 hxg3+ 58. Kxg3 Re3+ 59. Rf3 f4+ 60. Rdxf4 Rdxd3 61. Rg4+ Kh6 62. Rxe3 Rxe3+ 63. Kh2 Ra3 64. Rd4 Ne3 65. a5 Ra2+ 66. Kg1 Kg5 67. Re4 Nf5 68. Rc4 Kh5 69. Rg4 g5 70. Rc4 Ne7 71. Kf1 Nd5 72. Ke1 Rb2 73. h4 Ne3 74. Re4 Ng2+ 75. Kd1 gxh4 76. Kc1 Ra2 77. Kb1 h3 78. Kxa2 h2 79. Re8 Kg4 80. Rg8+ Kh3 81. a6 h1=Q 82. a7 Qd1 83. a8=Q Qc2+ 84. Ka3 Qc3+ 85. Ka4 Qa1+ 86. Kb5 Qe5+ 87. Kb6 Qd4+ 88. Ka6 Qd6+ 89. Ka5 Qc7+ 90. Ka4 Qc2+ 91. Kb5 Qd3+ 92. Kb6 Qd4+ 93. Ka5 Qa1+ 94. Kb5 Qe5+ 95. Ka6 Qd6+ 96. Ka5 Qc7+ 97. Ka6 1/2-1/2

[Event "GRENKE Chess Open 2024"]
[Site "Karlsruhe"]
[Date "2024.03.30"]
[Round "4.38"]
[White "Gschnitzer, Adrian"]
[Black "Pubantz, Jan"]
[Result "1/2-1/2"]
[WhiteElo "2423"]
[BlackElo "2276"]
[Annotator "TA"]
[PlyCount "95"]
[EventDate "2024.03.28"]
[EventType "swiss"]
[EventCountry "GER"]
[SourceTitle "playchess.com"]
[Source "ChessBase"]
[SourceQuality "1"]

1. e4 c6 2. d4 d5 3. e5 Bf5 4. Nf3 e6 5. Be2 c5 6. Be3 Qb6 7. c4 Qxb2 8. O-O Ne7 9. Nbd2 Nbc6 10. Nb3 dxc4 11. Bxc4 Rd8 12. Nxc5 Nd5 13. Bg5 Nc3 14. Qb3 Qxb3 15. axb3 Bxc5 16. dxc5 Rd7 17. Rfc1 Nd5 18. Bb5 Ndb4 19. Rd1 h6 20. Be3 a6 21. Ba4 Rxd1+ 22. Rxd1 Ke7 23. Rd6 Rc8 24. Nd2 Bd3 25. f4 Bb5 26. Bf2 Bxa4 27. bxa4 Rc7 28. Bh4+ Ke8 29. Nc4 Rd7 30. Nb6 Rc7 31. g4 Ne7 32. f5 exf5 33. gxf5 Nbc6 34. f6 gxf6 35. Bxf6 Nc8 36. Bg7 Nxb6 37. cxb6 Re7 38. Kg2 h5 39. Kh3 Rd7 40. Rxd7 Kxd7 41. Kh4 Ke6 42. Kxh5 Nxe5 43. Bxe5 Kxe5 44. Kg4 Ke4 45. Kg3 Ke3 46. Kg4 Ke4 47. Kg3 Ke3 48. Kg4 1/2-1/2

[Event "GRENKE Chess Open 2024"]
[Site "Karlsruhe"]
[Date "2024.03.30"]
[Round "4.39"]
[White "Sorm, Daniel"]
[Black "Petkidis, Anthony"]
[Result "0-1"]
[WhiteElo "2279"]
[BlackElo "2423"]
[Annotator "TA"]
[PlyCount "80"]
[EventDate "2024.03.28"]
[EventType "swiss"]
[EventCountry "GER"]
[SourceTitle "playchess.com"]
[Source "ChessBase"]
[SourceQuality "1"]

1. d4 Nf6 2. Nf3 d5 3. Bf4 c5 4. e3 Nc6 5. Nbd2 Nh5 6. Be5 f6 7. c4 e6 8. cxd5 exd5 9. Bg3 Nxg3 10. hxg3 cxd4 11. exd4 g6 12. Bd3 Kf7 13. a3 Bd6 14. Rc1 Ne7 15. Kf1 Kg7 16. Nb3 b6 17. Na1 Bd7 18. Nc2 Rc8 19. Ne3 b5 20. Rxc8 Qxc8 21. Qd2 Qa8 22. g4 a5 23. g3 b4 24. axb4 Bxb4 25. Qd1 Qb8 26. Kg2 Qb6 27. Bc2 Rc8 28. Ba4 Be6 29. Qg1 Rh8 30. Qh2 h5 31. g5 fxg5 32. Nxg5 Nf5 33. Nxe6+ Qxe6 34. Nxf5+ Qxf5 35. Qh3 Qe4+ 36. Kh2 Rf8 37. Qg2 Qxd4 38. f4 h4 39. Rd1 hxg3+ 40. Qxg3 Rh8+ 0-1

[Event "GRENKE Chess Open 2024"]
[Site "Karlsruhe"]
[Date "2024.03.30"]
[Round "4.40"]
[White "Eugene, Floryan"]
[Black "Solonar, Stefan"]
[Result "1-0"]
[WhiteElo "2422"]
[BlackElo "2271"]
[Annotator "TA"]
[PlyCount "81"]
[EventDate "2024.03.28"]
[EventType "swiss"]
[EventCountry "GER"]
[SourceTitle "playchess.com"]
[Source "ChessBase"]
[SourceQuality "1"]

1. e4 c5 2. Nf3 Nc6 3. Bb5 g6 4. O-O Bg7 5. Re1 Nf6 6. e5 Nd5 7. Nc3 Nc7 8. Bxc6 dxc6 9. Ne4 Ne6 10. d3 O-O 11. Be3 Nd4 12. Nxd4 cxd4 13. Bf4 Be6 14. Qd2 Qd5 15. c4 dxc3 16. Nxc3 Qd7 17. d4 Bd5 18. Re3 Rfd8 19. Rg3 Qf5 20. Rd1 Rd7 21. Bh6 Rad8 22. Bxg7 Kxg7 23. Rg5 Qe6 24. b4 b6 25. f4 f5 26. exf6+ exf6 27. f5 Qd6 28. Rg4 Qxb4 29. Rf1 Bf7 30. fxg6 Bxg6 31. Rff4 Qe7 32. h4 Kh8 33. Rg3 Re8 34. h5 Bxh5 35. Rh4 Qf7 36. Qh6 Be2 37. Rf4 Bc4 38. Rxf6 Qe7 39. Ne4 Rg8 40. Ng5 Rxd4 41. Rf7 1-0

[Event "GRENKE Chess Open 2024"]
[Site "Karlsruhe"]
[Date "2024.03.30"]
[Round "4.41"]
[White "Ostrovskiy, Andrey"]
[Black "Mohamed Anees M"]
[Result "1-0"]
[WhiteElo "2420"]
[BlackElo "2271"]
[Annotator "TA"]
[PlyCount "81"]
[EventDate "2024.03.28"]
[EventType "swiss"]
[EventCountry "GER"]
[SourceTitle "playchess.com"]
[Source "ChessBase"]
[SourceQuality "1"]

1. e4 c5 2. Nf3 d6 3. d4 cxd4 4. Nxd4 Nf6 5. Nc3 Nc6 6. Bc4 e6 7. Be3 Bd7 8. O-O Be7 9. Qe2 a6 10. a4 O-O 11. Rad1 Qc7 12. Kh1 Rac8 13. Bb3 Na5 14. Ba2 Nc4 15. Bc1 Qc5 16. f4 Ne8 17. Rf3 b5 18. e5 d5 19. f5 b4 20. f6 Nxf6 21. exf6 Bxf6 22. Rxf6 bxc3 23. b4 Qxb4 24. Bxc4 Qxc4 25. Qe5 Qc7 26. Qg5 Qd8 27. Rdf1 Qe7 28. Qg3 Kh8 29. Bg5 e5 30. Nf5 Bxf5 31. R1xf5 Qb4 32. h4 Qb1+ 33. Rf1 Qxc2 34. Rxf7 Rxf7 35. Rxf7 Rg8 36. Qxe5 h6 37. Bxh6 Qg6 38. Rf5 Rd8 39. Bxg7+ Kg8 40. Rg5 c2 41. Rxg6 1-0

[Event "GRENKE Chess Open 2024"]
[Site "Karlsruhe"]
[Date "2024.03.30"]
[Round "4.42"]
[White "Lutz, Ruben"]
[Black "Fedorovsky, Michael"]
[Result "0-1"]
[WhiteElo "2270"]
[BlackElo "2419"]
[Annotator "RC"]
[PlyCount "138"]
[EventDate "2024.03.28"]
[EventType "swiss"]
[EventCountry "GER"]
[SourceTitle "playchess.com"]
[Source "ChessBase"]
[SourceQuality "1"]

1. d4 Nf6 2. Nf3 d5 3. c4 e6 4. Nc3 a6 5. cxd5 exd5 6. Bg5 Be6 7. e3 Nbd7 8. Bd3 Bd6 9. O-O c6 10. Qc2 Qc7 11. Bh4 O-O 12. Bg3 Bxg3 13. hxg3 h6 14. Nh4 Rac8 15. Nf5 Bxf5 16. Bxf5 g6 17. Bd3 Kg7 18. Rad1 h5 19. e4 dxe4 20. Bxe4 Rh8 21. Rfe1 Qd6 22. Qb3 b5 23. Bf3 Rhe8 24. Rxe8 Rxe8 25. a3 c5 26. dxc5 Qxc5 27. Nd5 Nxd5 28. Bxd5 Nf6 29. Bf3 Ng4 30. Bxg4 hxg4 31. Qd3 Qe5 32. Qd2 Re6 33. Rc1 Rd6 34. Qc2 Qd4 35. Re1 Qd2 36. Re2 Qxc2 37. Rxc2 Rd1+ 38. Kh2 Rb1 39. f3 f5 40. Rd2 a5 41. fxg4 fxg4 42. a4 bxa4 43. Rd4 Rxb2 44. Rxa4 Rb5 45. Rxg4 Kf6 46. Rc4 g5 47. Kg1 Ke6 48. Kf2 Re5 49. Kf3 Kd5 50. Rc8 Kd4 51. Rc7 Rc5 52. Ra7 Kc4 53. Ke4 Rb5 54. g4 Kb3 55. Rf7 a4 56. Rf5 Kb4 57. Kd3 Rc5 58. Rf8 Rc3+ 59. Kd4 Rc4+ 60. Kd3 Rxg4 61. Rf2 Kb3 62. Kd2 Rc4 63. Rf5 a3 64. Rb5+ Ka4 65. Rxg5 a2 66. Rg8 Kb3 67. Rb8+ Rb4 68. Ra8 Ra4 69. Rb8+ Ka3 0-1

[Event "GRENKE Chess Open 2024"]
[Site "Karlsruhe"]
[Date "2024.03.30"]
[Round "4.43"]
[White "Hrbek, Stepan"]
[Black "Kniest, Oliver"]
[Result "1-0"]
[WhiteElo "2417"]
[BlackElo "2262"]
[Annotator "TA"]
[PlyCount "95"]
[EventDate "2024.03.28"]
[EventType "swiss"]
[EventCountry "GER"]
[SourceTitle "playchess.com"]
[Source "ChessBase"]
[SourceQuality "1"]

1. d4 Nf6 2. c4 e6 3. Nc3 Bb4 4. a3 Bxc3+ 5. bxc3 d6 6. e4 e5 7. Bd3 c5 8. Ne2 Nc6 9. d5 Ne7 10. h4 h5 11. Ng3 Ng6 12. Bg5 Bg4 13. f3 Bd7 14. Nf5 Bxf5 15. exf5 Ne7 16. f4 exf4 17. Bxf4 Qd7 18. O-O O-O-O 19. Qb3 Kc7 20. Rab1 Rb8 21. a4 Rhe8 22. a5 Neg8 23. Qa3 Kd8 24. Rfe1 Ng4 25. Bc2 N8f6 26. Rxe8+ Qxe8 27. Bd3 Qe7 28. Qa1 Nd7 29. Bg5 f6 30. Re1 Nde5 31. Bf4 Qd7 32. Qb1 Kc7 33. Be2 Re8 34. Bxg4 hxg4 35. Bxe5 fxe5 36. Qe4 Rf8 37. Rf1 g3 38. Rf3 Rf7 39. Rxg3 Qa4 40. Qg4 Qxa5 41. Qg6 Rd7 42. f6 Qa1+ 43. Kh2 gxf6 44. h5 a5 45. h6 a4 46. h7 a3 47. h8=Q a2 48. Qhe8 1-0

[Event "GRENKE Chess Open 2024"]
[Site "Karlsruhe"]
[Date "2024.03.30"]
[Round "4.44"]
[White "Parvanyan, Ashot"]
[Black "Tudor, Henry Edward"]
[Result "0-1"]
[WhiteElo "2415"]
[BlackElo "2262"]
[Annotator "TA"]
[PlyCount "130"]
[EventDate "2024.03.28"]
[EventType "swiss"]
[EventCountry "GER"]
[SourceTitle "playchess.com"]
[Source "ChessBase"]
[SourceQuality "1"]

1. e4 c5 2. Nf3 d6 3. d4 cxd4 4. Nxd4 Nf6 5. Nc3 a6 6. Bg5 Nbd7 7. Qf3 h6 8. Bd2 g6 9. h3 Bg7 10. O-O-O Qc7 11. g4 b5 12. g5 hxg5 13. Bxg5 Bb7 14. Bg2 Nb6 15. Qe2 b4 16. Nd5 Nfxd5 17. exd5 Nxd5 18. Nf5 gxf5 19. Bxd5 e6 20. Bxb7 Qxb7 21. Rhg1 d5 22. Bf4 Bf6 23. Be5 Bxe5 24. Qxe5 O-O-O 25. Rg3 Rh4 26. Rdg1 Qc7 27. Qe1 Rd6 28. Rg8+ Kb7 29. Kb1 Rc6 30. f3 Rhc4 31. R1g2 a5 32. Qd1 Qe5 33. Rf8 Rc7 34. Rgg8 Qe3 35. b3 Rc3 36. Qf1 Kc6 37. Rd8 Kc5 38. Ra8 Kd4 39. Rg2 Qxf3 40. Rf2 Qxh3 41. Qg1 Ke5 42. Re2+ Kd6 43. Rd8+ Kc6 44. Re1 Qg3 45. Qf1 Kb6 46. Ra8 Ra7 47. Re8 a4 48. bxa4 Rxa4 49. Qe2 Rc6 50. Rh1 Qc3 51. Rhh8 Ra7 52. Rb8+ Rb7 53. Ra8 Qc4 54. Qf2+ Qc5 55. Qe2 Qg1+ 56. Kb2 Qd4+ 57. Kb1 Rc4 58. Rhd8 Qg1+ 59. Kb2 Qd4+ 60. Kb1 Qc5 61. Rg8 f4 62. Qd3 Qe3 63. Qf1 f3 64. Rg3 Qe2 65. Rxf3 Qxc2+ 0-1

[Event "GRENKE Chess Open 2024"]
[Site "Karlsruhe"]
[Date "2024.03.30"]
[Round "4.45"]
[White "Peil, Christoph"]
[Black "Dourerassou, Jonathan"]
[Result "1-0"]
[WhiteElo "2268"]
[BlackElo "2414"]
[Annotator "TA"]
[PlyCount "93"]
[EventDate "2024.03.28"]
[EventType "swiss"]
[EventCountry "GER"]
[SourceTitle "playchess.com"]
[Source "ChessBase"]
[SourceQuality "1"]

1. e4 c5 2. Nf3 Nc6 3. Bb5 Nf6 4. e5 Nd5 5. Nc3 Nc7 6. Bxc6 dxc6 7. O-O g6 8. Re1 Ne6 9. a4 Bg7 10. a5 O-O 11. d3 Nd4 12. h3 Be6 13. Be3 Qd7 14. Ra4 Nxf3+ 15. Qxf3 Bxe5 16. Bh6 Bd4 17. Bxf8 Rxf8 18. Ne4 Qd5 19. c3 Bg7 20. Qe3 b6 21. axb6 axb6 22. Ra7 Qd8 23. Ng5 Bb3 24. Rxe7 h6 25. Nf3 Be6 26. Rb7 Bf5 27. d4 Bc8 28. Ra7 c4 29. Qe7 Qxe7 30. Rexe7 Be6 31. Kf1 Bd5 32. Ne5 Bf6 33. Reb7 Bxe5 34. dxe5 b5 35. f4 Re8 36. Re7 Rd8 37. Red7 Re8 38. Kf2 g5 39. g3 gxf4 40. gxf4 Be6 41. Rd6 c5 42. h4 h5 43. Rda6 Kg7 44. Ra8 Rxa8 45. Rxa8 b4 46. Ke3 Kg6 47. Rg8+ 1-0

[Event "GRENKE Chess Open 2024"]
[Site "Karlsruhe"]
[Date "2024.03.30"]
[Round "4.46"]
[White "Werthebach, Felix"]
[Black "Lumachi, Gabriele"]
[Result "0-1"]
[WhiteElo "2260"]
[BlackElo "2413"]
[Annotator "RC"]
[PlyCount "152"]
[EventDate "2024.03.28"]
[EventType "swiss"]
[EventCountry "GER"]
[SourceTitle "playchess.com"]
[Source "ChessBase"]
[SourceQuality "1"]

1. c4 c5 2. g3 g6 3. Bg2 Bg7 4. Nc3 Nc6 5. a3 d6 6. Rb1 Qd7 7. Nh3 b6 8. Nf4 Bb7 9. d3 h5 10. h4 Nf6 11. b4 Ng4 12. Ne4 O-O 13. O-O Rab8 14. Qa4 Nge5 15. Bh3 Qd8 16. Bb2 Nd4 17. Ng5 Bh6 18. Bg2 Bxg2 19. Kxg2 Qc7 20. bxc5 dxc5 21. Bxd4 cxd4 22. Qb5 Bg7 23. Rfc1 e6 24. a4 Rfc8 25. Kg1 Nd7 26. Rc2 Bf8 27. Ra1 a5 28. Nf3 Bd6 29. Qg5 Bxf4 30. Qxf4 e5 31. Qe4 Qd6 32. Ng5 f5 33. Qf3 Nc5 34. Rb2 Re8 35. Rb5 Re7 36. Qd5+ Qxd5 37. cxd5 Rd7 38. Ne6 Na6 39. Rc1 Nb4 40. Rc7 Rxd5 41. Rcc5 Rd6 42. Rxe5 Na2 43. Nf4 Nc3 44. Rb3 Rc8 45. Ra3 Kf7 46. Nh3 Kf6 47. f4 Re6 48. Rxe6+ Kxe6 49. Kf1 Kd5 50. Ng5 Re8 51. Nf3 Re3 52. Rb3 Rxf3+ 53. exf3 Kc5 54. g4 Nxa4 55. Rb1 Nc3 56. Re1 a4 57. Re5+ Kb4 58. Re6 b5 59. Rxg6 a3 60. Ra6 Na4 61. Re6 Nc5 62. Re2 Nxd3 63. gxf5 Nxf4 64. f6 Nxe2 65. f7 a2 66. f8=Q+ Kb3 67. Qf7+ Kb2 68. Kxe2 a1=Q 69. Qxh5 Qa4 70. Qe5 Qc4+ 71. Kf2 Kc2 72. Qf5+ d3 73. h5 b4 74. Ke3 b3 75. Qg6 Qc5+ 76. Kf4 b2 0-1

[Event "GRENKE Chess Open 2024"]
[Site "Karlsruhe"]
[Date "2024.03.30"]
[Round "5.1"]
[White "Costa, Leonardo"]
[Black "Kamsky, Gata"]
[Result "*"]
[WhiteElo "2479"]
[BlackElo "2616"]
[Annotator "RC"]
[PlyCount "31"]
[EventDate "2024.03.28"]
[EventType "swiss"]
[EventCountry "GER"]
[SourceTitle "playchess.com"]
[Source "ChessBase"]
[SourceQuality "1"]

1. d4 Nf6 2. Nf3 d5 3. c4 e6 4. Nc3 Bb4 5. Qa4+ Nc6 6. e3 O-O 7. Qc2 Re8 8. Bd2 a6 9. a3 Bd6 10. h3 Bd7 11. Rd1 h6 12. b4 dxc4 13. Bxc4 e5 14. O-O Qe7 15. Bc1 b5 16. Nd5 *

[Event "GRENKE Chess Open 2024"]
[Site "Karlsruhe"]
[Date "2024.03.30"]
[Round "5.1"]
[White "Kanov, Nikola"]
[Black "Unzicker, Ferdinand"]
[Result "0-1"]
[WhiteElo "2424"]
[BlackElo "2284"]
[Annotator "TA"]
[PlyCount "80"]
[EventDate "2024.03.28"]
[EventType "swiss"]
[EventCountry "GER"]
[SourceTitle "playchess.com"]
[Source "ChessBase"]
[SourceQuality "1"]

1. e4 c5 2. Nf3 d6 3. d4 cxd4 4. Nxd4 Nf6 5. Nc3 Nc6 6. Bg5 e6 7. Qd2 a6 8. O-O-O Bd7 9. f4 b5 10. Bxf6 gxf6 11. Kb1 Qb6 12. Nf3 Be7 13. f5 h5 14. g3 Ne5 15. fxe6 fxe6 16. Nxe5 fxe5 17. Bh3 h4 18. Rdf1 Qd4 19. Qg2 b4 20. Ne2 Qe3 21. gxh4 O-O-O 22. Rf3 Qc5 23. Rf7 Rdg8 24. Bg4 Rxh4 25. h3 Kd8 26. Ng3 Rhh8 27. Qd2 Rf8 28. Rxe7 Kxe7 29. Qg5+ Ke8 30. Bh5+ Rxh5 31. Nxh5 Qf2 32. Rd1 Bb5 33. b3 Be2 34. Rc1 a5 35. Ng3 Bb5 36. h4 a4 37. bxa4 Bc4 38. Nh5 Qf3 39. Ng7+ Kd7 40. Qd2 Qa3 0-1

[Event "GRENKE Chess Open 2024"]
[Site "Karlsruhe"]
[Date "2024.03.30"]
[Round "5.1"]
[White "Svanda, Ondrej"]
[Black "Jaggy, Matteo"]
[Result "1/2-1/2"]
[WhiteElo "2370"]
[BlackElo "2188"]
[Annotator "RC"]
[PlyCount "43"]
[EventDate "2024.03.28"]
[EventType "swiss"]
[EventCountry "GER"]
[SourceTitle "playchess.com"]
[Source "ChessBase"]
[SourceQuality "1"]

1. Nf3 Nf6 2. g3 g6 3. Bg2 Bg7 4. O-O d5 5. c4 O-O 6. cxd5 Nxd5 7. Nc3 Nb6 8. d3 Nc6 9. Be3 Be6 10. Qd2 Qc8 11. Ng5 Rd8 12. Nxe6 Qxe6 13. Qc1 Rab8 14. Rb1 Nd4 15. Re1 c6 16. Bd2 Rbc8 17. b3 Qd7 18. Ne4 Ne6 19. Nc5 Nxc5 20. Qxc5 Qd6 21. Qc2 Nd5 22. d4 1/2-1/2

[Event "GRENKE Chess Open 2024"]
[Site "Karlsruhe"]
[Date "2024.03.30"]
[Round "5.2"]
[White "Indjic, Aleksandar"]
[Black "Fedoseev, Vladimir"]
[Result "0-1"]
[WhiteElo "2595"]
[BlackElo "2690"]
[Annotator "TA"]
[PlyCount "86"]
[EventDate "2024.03.28"]
[EventType "swiss"]
[EventCountry "GER"]
[SourceTitle "playchess.com"]
[Source "ChessBase"]
[SourceQuality "1"]

1. d4 d5 2. c4 e6 3. Nc3 Nf6 4. cxd5 exd5 5. Bg5 c6 6. e3 h6 7. Bh4 Be7 8. Bd3 Nbd7 9. Qc2 Nb6 10. f3 O-O 11. Nge2 Bd7 12. O-O Rc8 13. b3 c5 14. Qb2 Ng4 15. fxg4 Bxh4 16. dxc5 Rxc5 17. h3 Qe7 18. Rf3 Bg5 19. Nd1 Nc8 20. Rc1 b6 21. Nf4 Bf6 22. Qd2 Bc6 23. Bb1 d4 24. Rxc5 bxc5 25. Qc2 g6 26. e4 Nb6 27. Nf2 Bg5 28. N4d3 c4 29. bxc4 Na4 30. c5 Nc3 31. a3 Rb8 32. Nb4 Ba4 33. Qd3 Nxb1 34. Qxd4 Nd2 35. Nd5 Nxf3+ 36. gxf3 Qe8 37. h4 Bd8 38. g5 h5 39. Nd3 Bc6 40. Ne5 Bxd5 41. exd5 Rb1+ 42. Kg2 Qb5 43. Kg3 Qe2 0-1